IPL Quiz - Statistics

General Stats
  • This quiz has been taken 172 times
  • The average score is 8 of 10
Answer Stats
Question Answer % Correct
Which of these teams has the most titles? Mumbai Indians
99%
How many titles does Chennai Super Kings have? 5
93%
Which player has the record for the most sixes and highest score in a single IPL innings? Chris Gayle
91%
Which player has never been a part of Mumbai Indians? Yashasvi Jaiswal
91%
Which of these is a spinner? Piyush Chawla
89%
Which of these teams has Krunal Pandya not played for? Kolkata Knight Riders
84%
Which of these players has been a part of Delhi Capitals at any point? Marcus Stoinis
84%
Which year did Gujarat Titans begin playing IPL? 2022
76%
Which of these players does not have an IPL hat trick? Jasprit Bumrah
51%
Which of these players currently plays for the Lucknow Super Giants? David Miller
49%
No matching quizzes found
Score Distribution
Percent of People with Each Score
Percentile by Number Answered
Your Score History
You have not taken this quiz